| 000 | 003480000a22000970004500 | ||
|---|---|---|---|
| 100 | 1 | _aRedacción Cambio 16 | |
| 245 | 1 | 0 | _a¿Si no fue Escobar, quién? Las investigaciones de la muerte de Galan fracasaron rotundamente --Son una vergüenza para el país |
| 300 | _aVol. 62, Num. 62 (Agosto, 1994), Páginas 20-21 | ||
| 773 | 0 | _tCambio 16 | |
| 942 | _cANA | ||
| 999 |
_c58581 _d58581 |
||